Oncología ginecológica / (Record no. 11119)

MARC details
000 -LEADER
fixed length control field 00566nam a22001817a 4500
008 - FIXED-LENGTH DATA ELEMENTS--GENERAL INFORMATION
fixed length control field 250922b ||||| |||| 00| 0 spa d
020 ## - INTERNATIONAL STANDARD BOOK NUMBER
International Standard Book Number 84-345-2520-8
040 ## - CATALOGING SOURCE
Original cataloging agency AR-FvUNAJ
Modifying agency AR-FvUNAJ
Description conventions aacr2
082 14 - DEWEY DECIMAL CLASSIFICATION NUMBER
Edition number 14
Classification number 616.992
100 1# - MAIN ENTRY--PERSONAL NAME
9 (RLIN) 21017
Personal name González-Merlo, J.
245 10 - TITLE STATEMENT
Title Oncología ginecológica /
Statement of responsibility, etc J. González-Merlo.
260 ## - PUBLICATION, DISTRIBUTION, ETC. (IMPRINT)
Place of publication, distribution, etc Barcelona :
Name of publisher, distributor, etc Salvat Editores,
Date of publication, distribution, etc 1991.
300 ## - PHYSICAL DESCRIPTION
Extent xv, 564 p.
650 #0 - SUBJECT ADDED ENTRY--TOPICAL TERM
Source of heading or term dcs
9 (RLIN) 1921
Topical term or geographic name as entry element GINECOLOGIA
650 #0 - SUBJECT ADDED ENTRY--TOPICAL TERM
Source of heading or term dcs
9 (RLIN) 211
Topical term or geographic name as entry element ONCOLOGIA MEDICA
942 ## - ADDED ENTRY ELEMENTS (KOHA)
Source of classification or shelving scheme Dewey Decimal Classification
Item type Libro, folleto, traducción
980 ## - EQUIVALENCE OR CROSS-REFERENCE-SERIES STATEMENT--PERSONAL NAME/TITLE [LOCAL, CANADA]
Linkage 2
Personal name Virginia Figueroa
Field link and sequence number 2
Miscellaneous information Virginia Figueroa
Holdings
Withdrawn status Lost status Source of classification or shelving scheme Damaged status Not for loan Home library Current library Date acquired Source of acquisition Total Checkouts Full call number Barcode Date last seen Price effective from Koha item type
    Dewey Decimal Classification     Biblioteca Central Biblioteca Central 22/09/2025 Donación   616.992 GON M UNAJ25090049 22/09/2025 22/09/2025 Libro, folleto, traducción

Lunes a Viernes 8:30 a 19:00 hs. Cerrado por mudanza
Av.Calchaqui 6200 Florencio Varela (CP188) 2°piso Edificio Mosconi Aula 209-210
Mail: bibliotecacentralunaj@gmail.com  
Whatsapp(54 9)1122668024    ❔Pregunte a la bibliotecaria
© Universidad Nacional Arturo Jauretche | Secretaría Académica | Biblioteca Central UNAJ